| 000 | 01039cam a2200313 i 4500 | ||
|---|---|---|---|
| 999 |
_c150823 _d27677 |
||
| 001 | 150823 | ||
| 003 | TR-AnTOB | ||
| 005 | 20240314115723.0 | ||
| 007 | ta | ||
| 008 | 080527s1967 tu 000 0 tur d | ||
| 040 |
_aTR-AnTOB _beng _erda _cTR-AnTOB |
||
| 041 | 0 | _atur | |
| 050 | 4 | _aKKX3577 | |
| 090 | _aKKX3577 | ||
| 099 | _aTOBB SER 1967. | ||
| 110 | 2 |
_aTürkiye Ticaret Odaları, Sanayi Odaları ve Ticaret Borsaları Birliği _965593 |
|
| 245 | 1 | 0 | _aServet beyanı yerine ikamesi düşünülen " özel durum bildirimi " hakkında görüş ve tekliflerimiz. |
| 264 | 1 |
_aAnkara : _bTürkiye Ticaret Odaları, Sanayi Odaları ve Ticaret Borsaları Birliği, _c1967. |
|
| 300 |
_a12 pages ; _c24 cm |
||
| 336 |
_atext _btxt _2rdacontent |
||
| 337 |
_aunmediated _bn _2rdamedia |
||
| 338 |
_avolume _bnc _2rdacarrier |
||
| 653 | 0 | _aFinans, Kişisel--Türkiye | |
| 653 | 0 | _aBilginin ifşası--Hukuk ve mevzuat--Türkiye | |
| 902 | _aTA02526 (013927) | ||
| 903 | _aTOBB Yayınları Arşivi | ||
| 942 |
_2lcc _cBK |
||